Riconosci i club di calcio italiani dallo stemma - Statistics

Statistiche generali
  • Questo quiz è stato fatto 295 volte
  • Il punteggio medio è 57 su 90
Statistiche sulle risposte
con Immagini Risposta % Corretto
Juventus
99%
Torino
97%
Milan
93%
Internazionale
92%
Atalanta
90%
Genoa
89%
Sampdoria
89%
Sassuolo
87%
Bologna
86%
Fiorentina
86%
Napoli
85%
Roma
85%
Udinese
85%
Cagliari
84%
Lazio
84%
Monza
84%
Parma
84%
Brescia
82%
Empoli
82%
Hellas Verona
82%
Spezia
82%
Chievo Verona
81%
Cremonese
81%
Palermo
81%
Spal
81%
Venezia
81%
Como
79%
Lecce
79%
Pescara
79%
Salernitana
79%
Bari
78%
Frosinone
78%
Benevento
76%
Catania
76%
Cesena
76%
Pro Vercelli
75%
Pisa
74%
Crotone
73%
Reggina
73%
Ternana
71%
Modena
70%
Virtus Entella
69%
Ascoli
68%
Novara
68%
Padova
68%
Pordenone
68%
Cittadella
67%
Catanzaro
66%
Cosenza
66%
Reggiana
66%
Sudtirol
66%
Carpi
65%
Alessandria
64%
Perugia
64%
Avellino
63%
Foggia
63%
Lecco
60%
Vicenza
60%
Piacenza
59%
Juve Stabia
56%
Triestina
55%
Feralpisalò
54%
Mantova
54%
Albinoleffe
53%
Latina
51%
Carrarese
50%
Messina
50%
Livorno
48%
Arezzo
43%
Lucchese
42%
Siena
42%
Taranto
41%
Pro Patria
40%
Rimini
40%
Trapani
38%
Ancona
37%
Casale
34%
Siracusa
33%
Grosseto
32%
Prato
32%
Pistoiese
31%
Ravenna
31%
Fidelis Andria
29%
Treviso
29%
Legnano
27%
Pavia
24%
Varese
22%
Sambenedettese
20%
Nocerina
19%
Novese
19%
Nessun quiz corrispondente trovato
Distribuzione punteggi
Percentuale di utenti per punteggio
Percentile per numero di risposta
I tuoi punteggi nel tempo
Non hai fatto questo quiz